00414 a2200133 4500001001000000005001700010008004100027245006800068100002000136700002500156700002600181773005600207999001700263ART_6295920260410161802.0260409a 10aLas reglas del futbol aplicada a la interpretación tributaria1 aGotlib, Gabriel1 aVaquero, Fernando M.1 aMazzilli, Santiago T.0 tDoctrina tributariag- Nº 545 (ago. 2025)wREV4296 c20710d20710